Datum a čas kvízu
29.5
Celkem bodů
Celkový počet nahraných bodů na tomto kvízu bez doplňovacích otázek.
5.
Pořadí na kvízu
Konečné umístění týmu na tomto kvízu.
Zaznamenané odpovědi
| # | Otázka | Odpověď | Body | Výsledky |
|---|---|---|---|---|
| 1. | Nezvykle brzy letos vykvetly n... | Jizerka | 0 | |
| 2. | Překvapení minulý týden neskrý... | policie | 0 | |
| 3. | Památkou roku České republiky... | poblíž Tachova | 0 | |
| 4. | Andrej Babiš se na sociálních... | Věra Jourová | 0 | |
| 5. | Tým Boston Celtics se minulý t... | C | 0 | |
| 6. | V pěti otázkách tohoto tématu... | na 2. stupni | 1 | |
| 7. | Jaká je denní dávka kuchyňské... | B | 1 | |
| 8. | Tato sůl získala své růžové zb... | himálajská | 1 | |
| 9. | Nejen lidé, ale i zvířata potř... | liz | 1 | |
| 10. | Jeden z nejznámějších a nejsta... | D) Wieliczka | 1 |